| 000 | 00855nam a22002177a 4500 | ||
|---|---|---|---|
| 003 | 0 | ||
| 005 | 20251104133033.0 | ||
| 008 | 251104b xxu||||| |||| 00| 0 eng d | ||
| 020 | _a978-0-684-87148-6 | ||
| 050 |
_aBF 698.5 _b.N34 2001 |
||
| 100 |
_a Nagao, Tadahiko, _eauthor. |
||
| 245 |
_aKokology : _bthe game of self-discovery / _cTadahiko Nagao and Isamu Saito. |
||
| 260 |
_aNew York : _bA Fireside Book, Simon & Schuster, _c2000. |
||
| 300 |
_a174 page : _billustrations, _c18 cm. |
||
| 520 | _aA collection of psychological games and quizzes that reveal personality traits and insights about how people think, feel, and behave. | ||
| 650 |
_aPersonality tests _vMiscellanea. |
||
| 650 |
_aSelf-perception. _xTesting _vMiscellanea. |
||
| 650 |
_aParapsychology _xTesting _vMiscellanea. |
||
| 700 |
_aSaito, Isamu, _eauthor. |
||
| 942 |
_2lcc _cBK |
||
| 999 |
_c368456 _d368456 |
||